[Event "33. Senioren LEM Sachsen-Anhalt 65+"]
[Site "Magdeburg, Germany"]
[Date "2025.07.11"]
[Round "5.1"]
[White "Okrajek, Alexander"]
[Black "Koehler, Gerhard"]
[Result "1-0"]
[WhiteElo "2187"]
[BlackElo "2147"]
[PlyCount "33"]
[EventDate "2025.??.??"]

1. Nf3 c5 2. g3 Nc6 3. Bg2 g6 4. O-O Bg7 5. c4 a6 6. Nc3 Rb8 7. d3 b5 8. cxb5
axb5 9. a4 bxa4 10. Qxa4 Nf6 11. Be3 Qb6 12. Nd2 Bb7 13. Nc4 Qb4 14. Qd1 Nd4
15. Ra4 Qb3 16. Qxb3 Nxb3 17. Bxb7 1-0

[Event "33. Senioren LEM Sachsen-Anhalt 65+"]
[Site "Magdeburg, Germany"]
[Date "2025.07.11"]
[Round "5.2"]
[White "Szenetra, Werner"]
[Black "Fischer, Emil"]
[Result "0-1"]
[WhiteElo "2095"]
[BlackElo "2112"]
[PlyCount "110"]
[EventDate "2025.??.??"]

1. Nf3 f5 2. d3 Nf6 3. e4 d6 4. exf5 Bxf5 5. d4 g6 6. Bd3 Qd7 7. Qe2 Bxd3 8.
Qxd3 Bg7 9. O-O Nc6 10. c3 O-O-O 11. Na3 e5 12. dxe5 dxe5 13. Qxd7+ Rxd7 14.
Nc4 Re8 15. Be3 Nd5 16. Rad1 b5 17. Na3 a6 18. Bc5 e4 19. Rfe1 Nxc3 20. Rxd7
Kxd7 21. Ng5 Na4 22. b4 Bc3 23. Re2 Nxb4 24. Bxb4 Bxb4 25. Nc2 Nc3 26. Re3 Nd1
27. Rxe4 Rxe4 28. Nxe4 Be7 29. Kf1 c5 30. Ke2 Nb2 31. Ne3 Ke6 32. Kd2 c4 33. f4
Nd3 34. g3 Nc5 35. Nf2 h5 36. h3 Bf6 37. g4 Bd4 38. Nfd1 Ne4+ 39. Kc2 hxg4 40.
hxg4 Nd6 41. Ng2 Bf6 42. Nde3 Bd4 43. Nd1 Ne4 44. Nh4 Nf6 45. f5+ gxf5 46. Nxf5
Bc5 47. Nfe3 Ne4 48. a4 Ke5 49. axb5 axb5 50. Ng2 b4 51. Nge3 b3+ 52. Kb2 Bxe3
53. Nxe3 Kd4 54. Ng2 Nd2 55. Ne1 c3+ 0-1

[Event "33. Senioren LEM Sachsen-Anhalt 65+"]
[Site "Magdeburg, Germany"]
[Date "2025.07.11"]
[Round "5.3"]
[White "Kahe, Ralph"]
[Black "Krueger, Wolfgang"]
[Result "0-1"]
[WhiteElo "2149"]
[BlackElo "2069"]
[PlyCount "110"]
[EventDate "2025.??.??"]

1. d4 Nf6 2. c4 e5 3. dxe5 Ng4 4. e3 Nxe5 5. f4 Nec6 6. Nf3 g6 7. Bd2 Bg7 8.
Bc3 O-O 9. Bxg7 Kxg7 10. Nc3 d6 11. a3 a5 12. Bd3 Na6 13. O-O Nc5 14. Bc2 Bg4
15. Qd2 Bxf3 16. Rxf3 f5 17. Nd5 Rf7 18. Raf1 Kg8 19. Qc3 a4 20. h3 Qf8 21. g4
Qg7 22. Qxg7+ Kxg7 23. gxf5 gxf5 24. Kh2 Kh8 25. Rg1 Na5 26. Rg5 Raf8 27. Nc3
Nxc4 28. Nxa4 Nd2 29. Rfg3 Nf1+ 30. Kg2 Nxg3 31. Nxc5 dxc5 32. Kxg3 h6 33. Rg6
Rg7 34. Rxg7 Kxg7 35. Kf3 Kf6 36. Bd3 Rd8 37. Ke2 Rg8 38. Kf2 h5 39. a4 h4 40.
b3 Rg3 41. Bf1 b6 42. Bg2 Ke6 43. Bf1 Kd6 44. Ke2 Kd5 45. Kd3 c6 46. Kd2 Kd6
47. Ke2 b5 48. axb5 cxb5 49. Kf2 c4 50. bxc4 b4 51. Bd3 b3 52. Bxf5 b2 53. Bd3
Rxh3 54. f5 Rh1 55. Kg2 b1=Q 0-1

[Event "33. Senioren LEM Sachsen-Anhalt 65+"]
[Site "Magdeburg, Germany"]
[Date "2025.07.11"]
[Round "5.4"]
[White "Babrikowski, Peter"]
[Black "Heise, Juergen"]
[Result "1-0"]
[WhiteElo "2103"]
[BlackElo "1947"]
[PlyCount "81"]
[EventDate "2025.??.??"]

1. e4 c5 2. c3 Qc7 3. d4 g6 4. Nf3 Bg7 5. dxc5 Qxc5 6. Be3 Qc7 7. Bd3 Nf6 8.
Na3 Nc6 9. Qd2 O-O 10. h3 d5 11. Nb5 Qb8 12. exd5 Nxd5 13. Bh6 Ne5 14. Be2
Nxf3+ 15. Bxf3 Qe5+ 16. Kf1 Bxh6 17. Qxh6 Ne3+ 18. Qxe3 Qxb5+ 19. Qe2 Qxe2+ 20.
Kxe2 Be6 21. b3 Rab8 22. Rhd1 b6 23. Bd5 Bxd5 24. Rxd5 Rfd8 25. Rad1 Rxd5 26.
Rxd5 Rb7 27. Kd3 Rc7 28. c4 f6 29. a4 Kf7 30. a5 bxa5 31. Rxa5 e6 32. b4 Ke7
33. c5 Kd7 34. Kc4 g5 35. Ra6 f5 36. Kd4 Ke7 37. Ke5 Rb7 38. Rxe6+ Kf7 39. Rf6+
Ke7 40. Rxf5 Rxb4 41. Rxg5 1-0

[Event "33. Senioren LEM Sachsen-Anhalt 65+"]
[Site "Magdeburg, Germany"]
[Date "2025.07.11"]
[Round "5.6"]
[White "Klettke, Wolfgang"]
[Black "Stuemer, Paul"]
[Result "0-1"]
[WhiteElo "1924"]
[BlackElo "2076"]
[PlyCount "52"]
[EventDate "2025.??.??"]

1. e4 c5 2. Nf3 Nc6 3. c3 Nf6 4. e5 Nd5 5. d4 cxd4 6. cxd4 d6 7. Be2 g6 8. exd6
Qxd6 9. O-O Bg7 10. Nc3 O-O 11. Ne4 Qb8 12. Be3 b6 13. Rc1 Bb7 14. Qd2 Rd8 15.
Bh6 Bh8 16. Bb5 Nxd4 17. Nxd4 Nc7 18. Qe2 Rxd4 19. Bc6 Ne6 20. f3 Bxc6 21. Rxc6
Qe5 22. Qc2 Bg7 23. Rc8+ Rxc8 24. Qxc8+ Rd8 25. Bxg7 Kxg7 26. Qc1 Nf4 0-1

[Event "33. Senioren LEM Sachsen-Anhalt 65+"]
[Site "Magdeburg, Germany"]
[Date "2025.07.11"]
[Round "5.7"]
[White "Heinemann, Ernst"]
[Black "Fabig, Holger"]
[Result "1-0"]
[WhiteElo "2063"]
[BlackElo "1955"]
[PlyCount "37"]
[EventDate "2025.??.??"]

1. e4 e6 2. d4 b6 3. Bd3 Bb7 4. Nc3 Bb4 5. Nge2 Nf6 6. O-O d5 7. e5 Nfd7 8. Nf4
c5 9. Qh5 Qe7 10. Nb5 c4 11. Nxe6 Nxe5 12. Nxg7+ Kd7 13. dxe5 cxd3 14. Qg4+ Kc6
15. Nd4+ Kc7 16. Nb5+ Kc6 17. Nf5 Qf8 18. Nfd4+ Kc5 19. c3 1-0

[Event "33. Senioren LEM Sachsen-Anhalt 65+"]
[Site "Magdeburg, Germany"]
[Date "2025.07.11"]
[Round "5.8"]
[White "Kliewe, Hans-Juergen"]
[Black "Krien, Hartmut"]
[Result "1-0"]
[WhiteElo "2045"]
[BlackElo "1924"]
[PlyCount "57"]
[EventDate "2025.??.??"]

1. d4 Nf6 2. Nf3 e6 3. Bf4 c5 4. e3 Qb6 5. Qc1 Nd5 6. Bg3 Nc6 7. c3 Be7 8. Nbd2
d6 9. Bd3 h5 10. h3 h4 11. Bh2 f5 12. Nc4 Qd8 13. dxc5 dxc5 14. Qc2 Ndb4 15.
cxb4 Nxb4 16. Qa4+ b5 17. Nd6+ Bxd6 18. Bxb5+ Ke7 19. Rd1 Nd5 20. Nxh4 Kf7 21.
Bxd6 Rxh4 22. Bf4 g5 23. g3 gxf4 24. gxh4 Qxh4 25. Rxd5 exd5 26. Bc6 Bb7 27.
Bxb7 Re8 28. Qd7+ Qe7 29. Qxf5+ 1-0

[Event "33. Senioren LEM Sachsen-Anhalt 65+"]
[Site "Magdeburg, Germany"]
[Date "2025.07.11"]
[Round "5.9"]
[White "Bauer, Burkhard"]
[Black "Domsgen, Bernd"]
[Result "1/2-1/2"]
[WhiteElo "2023"]
[BlackElo "1922"]
[PlyCount "42"]
[EventDate "2025.??.??"]

1. d4 Nf6 2. Bf4 g6 3. e3 Bg7 4. Nf3 c5 5. c3 b6 6. Be2 Bb7 7. O-O d6 8. h3 O-O
9. Nbd2 Nbd7 10. a4 Re8 11. Nc4 a6 12. Bh2 b5 13. axb5 axb5 14. Na3 b4 15. Nc4
bxc3 16. bxc3 Ba6 17. Qc2 d5 18. Nce5 Bxe2 19. Qxe2 cxd4 20. cxd4 Rxa1 21. Rxa1
Qb6 1/2-1/2

[Event "33. Senioren LEM Sachsen-Anhalt 65+"]
[Site "Magdeburg, Germany"]
[Date "2025.07.11"]
[Round "5.10"]
[White "Roth, Heinz-Georg"]
[Black "Waltenberger, Udo"]
[Result "0-1"]
[WhiteElo "1808"]
[BlackElo "2012"]
[PlyCount "90"]
[EventDate "2025.??.??"]

1. e4 c5 2. c3 Nf6 3. e5 Nd5 4. d4 cxd4 5. cxd4 e6 6. Nc3 Nxc3 7. bxc3 Qc7 8.
Bb2 d6 9. Nf3 Nd7 10. Bb5 a6 11. Ba4 b5 12. Bc2 dxe5 13. O-O g6 14. Ng5 Bg7 15.
Nxf7 O-O 16. Ng5 Nb6 17. Bb3 Nc4 18. Bc1 Qc6 19. Bc2 Nd6 20. Qd3 Ra7 21. Nxh7
e4 22. Qg3 Kxh7 23. Ba3 e5 24. dxe5 Nf5 25. Qh3+ Nh6 26. Qe3 Rff7 27. Bxe4 Qe6
28. Rfd1 Rad7 29. Bd6 Bxe5 30. Bxe5 Qxa2 31. c4 Qxc4 32. Rxd7 Bxd7 33. Rd1 Bf5
34. f3 Ng4 35. Qd4 Nxe5 36. Qxe5 Bxe4 37. fxe4 Qc7 38. Qd4 Qa7 39. Qxa7 Rxa7
40. Kf2 Kg7 41. Ke3 Kf7 42. Rd6 a5 43. Kd4 a4 44. Kc5 a3 45. Kxb5 a2 0-1

[Event "33. Senioren LEM Sachsen-Anhalt 65+"]
[Site "Magdeburg, Germany"]
[Date "2025.07.11"]
[Round "5.11"]
[White "Cordes, Lothar"]
[Black "McAndrew, Robert"]
[Result "1/2-1/2"]
[WhiteElo "1891"]
[BlackElo "1978"]
[PlyCount "54"]
[EventDate "2025.??.??"]

1. d4 Nf6 2. Nf3 b6 3. g3 e6 4. Bg2 d5 5. O-O Bb7 6. b3 Be7 7. Bb2 O-O 8. Nbd2
Nbd7 9. Re1 c5 10. c3 Qc7 11. Rc1 Rac8 12. c4 Qb8 13. cxd5 exd5 14. e3 Rfe8 15.
Bh3 Rc7 16. Nb1 Nf8 17. dxc5 Rxc5 18. Bd4 Rxc1 19. Qxc1 Ne6 20. Qb2 Nxd4 21.
Nxd4 Ne4 22. Rc1 Bf6 23. Qc2 g6 24. Qc7 Nc5 25. Qxb8 Rxb8 26. Rd1 Bxd4 27. Rxd4
Ne6 1/2-1/2

[Event "33. Senioren LEM Sachsen-Anhalt 65+"]
[Site "Magdeburg, Germany"]
[Date "2025.07.11"]
[Round "5.12"]
[White "Ruether, Rudolf"]
[Black "Baerthel, Klaus"]
[Result "1/2-1/2"]
[WhiteElo "2071"]
[BlackElo "1918"]
[PlyCount "57"]
[EventDate "2025.??.??"]

1. d4 Nf6 2. c4 g6 3. Nc3 d5 4. cxd5 Nxd5 5. e4 Nxc3 6. bxc3 Bg7 7. Bc4 O-O 8.
Ne2 c5 9. Be3 cxd4 10. cxd4 Qa5+ 11. Kf1 Nc6 12. Rc1 e6 13. f3 Rd8 14. Kf2 Nxd4
15. Nxd4 Bxd4 16. Bxd4 e5 17. Bd5 exd4 18. Qxd4 Be6 19. Rhd1 Bxd5 20. exd5 Rd6
21. Rd2 Rad8 22. Rc5 Qb6 23. Rb2 Rxd5 24. Rxb6 Rxd4 25. Rxb7 Rd2+ 26. Kg3 Rxa2
27. Rcc7 Rf8 28. Rxa7 Rxa7 29. Rxa7 1/2-1/2

[Event "33. Senioren LEM Sachsen-Anhalt 65+"]
[Site "Magdeburg, Germany"]
[Date "2025.07.11"]
[Round "5.13"]
[White "Wagner, Bernd"]
[Black "Kolthoff, Siegmund"]
[Result "0-1"]
[WhiteElo "1902"]
[BlackElo "2063"]
[PlyCount "74"]
[EventDate "2025.??.??"]

1. d4 Nf6 2. Nf3 g6 3. Bf4 Bg7 4. c3 c5 5. e3 O-O 6. Nbd2 cxd4 7. exd4 Nc6 8.
Be2 d6 9. O-O a6 10. a4 b6 11. Re1 Bb7 12. h3 Re8 13. Qb3 Na5 14. Qc2 Rc8 15.
Rad1 Qc7 16. Bh2 Bh6 17. g4 Bg7 18. Ng5 Qd7 19. Bf3 Bxf3 20. Ngxf3 b5 21. axb5
axb5 22. Ra1 Nc4 23. Nxc4 Rxc4 24. Nd2 Rc7 25. Qb3 Rb7 26. Ra5 d5 27. Qb4 Qc6
28. f3 Bf8 29. Rea1 e6 30. Qb3 Bd6 31. Be5 Bxe5 32. dxe5 Nd7 33. f4 Qc5+ 34.
Kg2 Qe3 35. Nf3 Nc5 36. Qb4 Ne4 37. Ra8 Qf2+ 0-1

[Event "33. Senioren LEM Sachsen-Anhalt 65+"]
[Site "Magdeburg, Germany"]
[Date "2025.07.11"]
[Round "5.14"]
[White "Buss, Heiko"]
[Black "Schmidt, Joerg"]
[Result "1/2-1/2"]
[WhiteElo "1886"]
[BlackElo "2044"]
[PlyCount "53"]
[EventDate "2025.??.??"]

1. e4 d5 2. exd5 Qxd5 3. Nc3 Qd6 4. d4 c6 5. Nf3 Nf6 6. Bg5 Bf5 7. Bd3 Bxd3 8.
Qxd3 Nbd7 9. O-O-O e6 10. h3 Be7 11. Rhe1 Nd5 12. Ne4 Bxg5+ 13. Nfxg5 Qc7 14.
Qa3 c5 15. Nxf7 Qf4+ 16. Kb1 Kxf7 17. g3 Qh6 18. Nd6+ Kg8 19. dxc5 Qf6 20. Qb3
h6 21. Rxd5 exd5 22. Qxd5+ Kh7 23. Re6 Qf8 24. Qe4+ Kg8 25. Qc4 Kh7 26. Qd3+
Kg8 27. Qd5 1/2-1/2

[Event "33. Senioren LEM Sachsen-Anhalt 65+"]
[Site "Magdeburg, Germany"]
[Date "2025.07.11"]
[Round "5.15"]
[White "Albert, Gerhard"]
[Black "Gries, Volker"]
[Result "1/2-1/2"]
[WhiteElo "1875"]
[BlackElo "2006"]
[PlyCount "37"]
[EventDate "2025.??.??"]

1. e4 e5 2. Nf3 Nf6 3. Nc3 Nc6 4. d4 exd4 5. Nxd4 Bb4 6. Nxc6 bxc6 7. Bd3 d5 8.
exd5 cxd5 9. O-O O-O 10. Bg5 c6 11. Na4 h6 12. Bh4 Re8 13. c3 Bd6 14. Bc2 Bf4
15. Qf3 Qd6 16. Bg3 Bxg3 17. fxg3 Bg4 18. Qf4 Rad8 19. Rfe1 1/2-1/2

[Event "33. Senioren LEM Sachsen-Anhalt 65+"]
[Site "Magdeburg, Germany"]
[Date "2025.07.11"]
[Round "5.16"]
[White "Krueger, Erich"]
[Black "Reimann, Reinhold"]
[Result "1-0"]
[WhiteElo "2002"]
[BlackElo "1879"]
[PlyCount "103"]
[EventDate "2025.??.??"]

1. d4 e6 2. c4 d5 3. Nc3 Bb4 4. Nf3 Nf6 5. e3 c6 6. a3 Bxc3+ 7. bxc3 Ne4 8. Qc2
O-O 9. Bd3 f5 10. O-O Nd7 11. cxd5 exd5 12. c4 Nb6 13. cxd5 cxd5 14. a4 Be6 15.
a5 Nc4 16. a6 b6 17. Ba3 Rf6 18. Ne5 Rc8 19. Nxc4 dxc4 20. Bxe4 fxe4 21. Qxe4
Rg6 22. f3 Qg5 23. Rf2 Bd5 24. Qe5 Qxe5 25. dxe5 c3 26. Bd6 c2 27. Rc1 Bb3 28.
f4 Rd8 29. Rfxc2 Bxc2 30. Rxc2 Rgxd6 31. exd6 Rxd6 32. Rc8+ Kf7 33. Rc7+ Kf6
34. Rxa7 b5 35. Kf2 b4 36. Rb7 Rxa6 37. Rxb4 h6 38. g4 Kg6 39. h4 h5 40. g5 Ra1
41. Rb5 Rh1 42. f5+ Kf7 43. Rb7+ Kf8 44. Kg3 Rf1 45. e4 g6 46. f6 Rg1+ 47. Kf4
Rg4+ 48. Ke5 Rxh4 49. Rg7 Rg4 50. Rxg6 h4 51. Kf5 Rg1 52. Rh6 1-0

[Event "33. Senioren LEM Sachsen-Anhalt 65+"]
[Site "Magdeburg, Germany"]
[Date "2025.07.11"]
[Round "5.17"]
[White "Kopp, Peter"]
[Black "Ellerbrock, Manfred"]
[Result "1/2-1/2"]
[WhiteElo "1988"]
[BlackElo "1894"]
[PlyCount "48"]
[EventDate "2025.??.??"]

1. Nf3 Nf6 2. g3 d5 3. Bg2 g6 4. d3 Bg7 5. Nbd2 O-O 6. e4 dxe4 7. dxe4 c6 8.
O-O Nbd7 9. Re1 e5 10. Nc4 Qc7 11. Nd6 Rd8 12. Nxc8 Raxc8 13. Qe2 Nc5 14. Bh3
Ra8 15. Qc4 Qe7 16. b4 Ncxe4 17. Rxe4 Nxe4 18. Qxe4 Rd1+ 19. Bf1 Rad8 20. Bb2
Qe6 21. Rxd1 Rxd1 22. Qe2 Rb1 23. Bc3 Qxa2 24. Ne1 Qd5 1/2-1/2

[Event "33. Senioren LEM Sachsen-Anhalt 65+"]
[Site "Magdeburg, Germany"]
[Date "2025.07.11"]
[Round "5.18"]
[White "Stern, Geoffrey"]
[Black "Stummeyer, Dieter"]
[Result "1/2-1/2"]
[WhiteElo "1974"]
[BlackElo "1865"]
[PlyCount "83"]
[EventDate "2025.??.??"]

1. d4 Nf6 2. Nc3 d5 3. Bf4 a6 4. e3 b6 5. Bd3 Bb7 6. Nce2 Nbd7 7. h3 e6 8. Nf3
Be7 9. c3 c5 10. O-O O-O 11. Qb1 Rc8 12. Rd1 cxd4 13. exd4 Ne4 14. Ne5 Nxe5 15.
dxe5 f5 16. Nd4 Qd7 17. Qc2 g5 18. Bxe4 fxe4 19. Bg3 Bc5 20. Qe2 Bxd4 21. Rxd4
Qf7 22. h4 h6 23. Rf1 a5 24. f3 Rc7 25. fxe4 Qxf1+ 26. Qxf1 Rxf1+ 27. Kxf1 dxe4
28. hxg5 Bd5 29. gxh6 Rf7+ 30. Ke2 b5 31. b3 Rc7 32. Kd2 e3+ 33. Kd3 Kh7 34.
Bf4 e2 35. Kxe2 Rxc3 36. g3 Rc2+ 37. Bd2 Rxa2 38. Kd3 Ra3 39. Rg4 Rxb3+ 40. Kc2
a4 41. Rg7+ Kh8 42. g4 1/2-1/2

[Event "33. Senioren LEM Sachsen-Anhalt 65+"]
[Site "Magdeburg, Germany"]
[Date "2025.07.11"]
[Round "5.19"]
[White "Birken, Michael"]
[Black "Just, Joachim"]
[Result "1/2-1/2"]
[WhiteElo "1967"]
[BlackElo "1887"]
[PlyCount "66"]
[EventDate "2025.??.??"]

1. e4 g6 2. d4 Bg7 3. f4 d6 4. Nf3 Bg4 5. Be2 c6 6. h3 Bxf3 7. Bxf3 e5 8. fxe5
Qh4+ 9. Ke2 dxe5 10. Be3 exd4 11. Bxd4 Bxd4 12. Qxd4 Qf6 13. e5 Qe7 14. Kf2 Nd7
15. Re1 Qc5 16. Qxc5 Nxc5 17. Nc3 O-O-O 18. Rad1 Ne7 19. b4 Ne6 20. Ne4 Kc7 21.
Nd6 Rhf8 22. c4 Nf5 23. Nxf5 gxf5 24. Rxd8 Rxd8 25. Rd1 Nd4 26. Bh5 c5 27. Bxf7
cxb4 28. Bd5 Ne6 29. Ke3 a5 30. Rf1 f4+ 31. Ke2 Re8 32. Kd3 Rd8 33. Rf2 b5
1/2-1/2

[Event "33. Senioren LEM Sachsen-Anhalt 65+"]
[Site "Magdeburg, Germany"]
[Date "2025.07.11"]
[Round "5.20"]
[White "Barten, Ralf"]
[Black "Reimers, Christine"]
[Result "1-0"]
[WhiteElo "1955"]
[BlackElo "1752"]
[PlyCount "85"]
[EventDate "2025.??.??"]

1. Nf3 g6 2. c4 Bg7 3. d4 d6 4. Nc3 Nf6 5. e4 Nbd7 6. g3 c6 7. Bg2 Qc7 8. O-O
O-O 9. Re1 e5 10. h3 a6 11. a4 h6 12. Be3 Re8 13. b4 exd4 14. Bxd4 c5 15. Nd5
Qd8 16. Nxf6+ Nxf6 17. bxc5 dxc5 18. Bxc5 Qxd1 19. Raxd1 Be6 20. e5 Nd7 21. Bd6
Rac8 22. Nd2 Nc5 23. Bxc5 Rxc5 24. Bxb7 Bd7 25. f4 Bxa4 26. Ra1 Bd7 27. Rxa6
Bxh3 28. Bd5 Rb8 29. Rxg6 Bf5 30. Ra6 Rb2 31. Nf1 Bf8 32. Ne3 Bc8 33. Rf6 Rc7
34. Rg6+ Kh8 35. Rc6 Rxc6 36. Bxc6 Bc5 37. Kf1 Bh3+ 38. Kg1 Kg7 39. Kh1 Be6 40.
f5 Bxe3 41. fxe6 Bg5 42. exf7 Kxf7 43. Bd5+ 1-0

[Event "33. Senioren LEM Sachsen-Anhalt 65+"]
[Site "Magdeburg, Germany"]
[Date "2025.07.11"]
[Round "5.21"]
[White "Jaekel, Michael"]
[Black "Niebuhr, Gerd"]
[Result "1/2-1/2"]
[WhiteElo "1819"]
[BlackElo "1940"]
[PlyCount "23"]
[EventDate "2025.??.??"]

1. e4 e5 2. Nf3 Nc6 3. Bc4 Nf6 4. d3 Bc5 5. c3 a6 6. b4 Ba7 7. Nbd2 d6 8. h3
O-O 9. O-O Ne7 10. Bb3 Ng6 11. Re1 Qe7 12. Nf1 1/2-1/2

[Event "33. Senioren LEM Sachsen-Anhalt 65+"]
[Site "Magdeburg, Germany"]
[Date "2025.07.11"]
[Round "5.22"]
[White "De Boer, Albert"]
[Black "Dobierzin, Olaf"]
[Result "1/2-1/2"]
[WhiteElo "1865"]
[BlackElo "1932"]
[PlyCount "46"]
[EventDate "2025.??.??"]

1. e4 c5 2. a3 g6 3. Nc3 Bg7 4. Rb1 Nc6 5. b4 cxb4 6. axb4 d6 7. b5 Nd4 8. Nce2
Nxe2 9. Bxe2 Nf6 10. d3 O-O 11. Nf3 d5 12. e5 Ng4 13. d4 f6 14. h3 Nh6 15. exf6
exf6 16. O-O Be6 17. Ba3 Re8 18. Bb4 Nf7 19. Re1 Bf8 20. Qd2 Bxb4 21. Qxb4 Nd6
22. Bd3 Qd7 23. Re3 Kg7 1/2-1/2

[Event "33. Senioren LEM Sachsen-Anhalt 65+"]
[Site "Maritim-Hotel Magdeburg"]
[Date "2025.07.11"]
[Round "5.25"]
[White "Bosveld, Henk"]
[Black "Reinhold, Klaus"]
[Result "1/2-1/2"]
[WhiteElo "1846"]
[BlackElo "1969"]
[PlyCount "61"]
[EventDate "2025.07.07"]
[BlackTeam "Schachclub Gronau 1920"]

1. c4 c6 2. Nf3 d5 3. b3 Bf5 4. Bb2 Nf6 5. g3 e6 6. Bg2 Be7 7. O-O O-O 8. d3 h6
9. Re1 Nbd7 10. Nbd2 Bh7 11. e4 Nc5 12. Ne5 dxe4 13. Nxe4 Nfxe4 14. dxe4 Bf6
15. Re2 Qxd1+ 16. Rxd1 Rfd8 17. Rxd8+ Rxd8 18. f4 Rd1+ 19. Kf2 Bxe5 20. fxe5
Nd3+ 21. Ke3 Nxb2 22. Rxb2 Kf8 23. Bf3 Rd8 24. c5 Ke7 25. Rd2 Rxd2 26. Kxd2 f6
27. exf6+ gxf6 28. Ke3 e5 29. b4 Bg8 30. a3 Bc4 31. Kd2 1/2-1/2

[Event "33. Senioren LEM Sachsen-Anhalt 65+"]
[Site "Maritim-Hotel Magdeburg"]
[Date "2025.07.11"]
[Round "5.26"]
[White "Vonach, Bernhard"]
[Black "Mikolajewski, Armin"]
[Result "1/2-1/2"]
[WhiteElo "1831"]
[BlackElo "1964"]
[PlyCount "32"]
[EventDate "2025.07.07"]
[WhiteTeam "Sportfr.Windach 1923"]
[BlackTeam "Naumburger Sportverein 1951"]

1. Nf3 d5 2. d4 Nf6 3. g3 e6 4. Bg2 Bd6 5. b3 Nbd7 6. Bb2 c6 7. O-O O-O 8. Nbd2
b6 9. c4 Bb7 10. Re1 c5 11. cxd5 exd5 12. Ne5 cxd4 13. Nxd7 Qxd7 14. Bxd4 Ne4
15. Nxe4 dxe4 16. Bb2 Qe7 1/2-1/2

[Event "33. Senioren LEM Sachsen-Anhalt 65+"]
[Site "Maritim-Hotel Magdeburg"]
[Date "2025.07.11"]
[Round "5.27"]
[White "Poetke, Dan-Peter"]
[Black "Kluever, Horst"]
[Result "1-0"]
[WhiteElo "1936"]
[BlackElo "1798"]
[PlyCount "85"]
[EventDate "2025.07.07"]
[WhiteTeam "Burger Schachclub Schwarz-Weiss"]
[BlackTeam "Itzehoer SV von 1923"]

1. d4 d5 2. Nf3 Nf6 3. Bf4 e6 4. c3 a6 5. Nbd2 h6 6. h3 Bd6 7. Ne5 O-O 8. e3 c5
9. Bd3 b5 10. O-O Bb7 11. Qf3 c4 12. Bc2 Nc6 13. Ng4 Bxf4 14. Qxf4 Nxg4 15.
Qxg4 Qg5 16. Qxg5 hxg5 17. e4 Ne7 18. Nf3 f6 19. e5 Bc8 20. Rfe1 Nf5 21. Bxf5
exf5 22. exf6 gxf6 23. Re7 f4 24. Rae1 Bf5 25. Nd2 Bg6 26. f3 Rae8 27. Rxe8
Rxe8 28. Rxe8+ Bxe8 29. g3 fxg3 30. Kg2 Bd7 31. Kxg3 Kg7 32. Nf1 f5 33. f4 Kg6
34. Ne3 Be6 35. fxg5 Kxg5 36. h4+ Kh5 37. Ng2 Bg8 38. Kf4 Kg6 39. Ke5 Kh5 40.
Kxf5 Bh7+ 41. Ke5 Be4 42. Nf4+ Kxh4 43. Nxd5 1-0

[Event "33. Senioren LEM Sachsen-Anhalt 65+"]
[Site "Maritim-Hotel Magdeburg"]
[Date "2025.07.11"]
[Round "5.28"]
[White "Ehlert, Horst"]
[Black "Neubauer, Uwe"]
[Result "1-0"]
[WhiteElo "1928"]
[BlackElo "1782"]
[PlyCount "97"]
[EventDate "2025.07.07"]
[WhiteTeam "SV Laatzen"]
[BlackTeam "SK Anderten"]

1. c4 e5 2. g3 Nf6 3. Bg2 c6 4. d4 Bb4+ 5. Bd2 Qa5 6. dxe5 Bxd2+ 7. Qxd2 Qxe5
8. Nc3 O-O 9. Nf3 Qc5 10. b3 Na6 11. O-O Nc7 12. e4 Ng4 13. Rad1 Ne5 14. Nd4 d5
15. exd5 cxd5 16. cxd5 Bg4 17. Rc1 Qa5 18. h3 Bd7 19. f4 Ng6 20. Kh2 Rfe8 21.
Rfe1 Rad8 22. Rxe8+ Nxe8 23. Qe3 Nd6 24. Qd3 Rc8 25. Rc2 a6 26. Nce2 Rxc2 27.
Qxc2 Qd8 28. Qc5 Bc8 29. Nf3 b6 30. Qd4 f6 31. Nc3 Nf5 32. Qd2 Nge7 33. Nd4 Nd6
34. Qe3 Nef5 35. Nxf5 Nxf5 36. Qd3 Nd6 37. Qd1 g6 38. Qd2 Qd7 39. Qd4 Qd8 40.
Na4 b5 41. Nc5 Kf7 42. b4 Qe7 43. Qf2 Nc4 44. Bf3 h6 45. Bg2 Ne3 46. Qd2 Nc4
47. Qd4 Nd6 48. Ne4 Nf5 49. Qb6 1-0

[Event "33. Senioren LEM Sachsen-Anhalt 65+"]
[Site "Maritim-Hotel Magdeburg"]
[Date "2025.07.11"]
[Round "5.29"]
[White "Broeder, Hans Gert"]
[Black "Hess, Juergen"]
[Result "0-1"]
[WhiteElo "1804"]
[BlackElo "1928"]
[PlyCount "84"]
[EventDate "2025.07.07"]
[WhiteTeam "SC Friesen Lichtenberg"]
[BlackTeam "SG Arnstadt-Stadtilm"]

1. e4 e5 2. Nf3 Nc6 3. Nc3 Nf6 4. d4 exd4 5. Nd5 Nb4 6. Bc4 Nbxd5 7. exd5 Bb4+
8. Bd2 Qe7+ 9. Qe2 Bxd2+ 10. Kxd2 Qxe2+ 11. Kxe2 c5 12. dxc6 bxc6 13. Nxd4 d5
14. Bd3 c5 15. Bb5+ Bd7 16. Bxd7+ Kxd7 17. Nf5 Rhe8+ 18. Kf3 Re5 19. Ng3 Rae8
20. h4 h5 21. Rhd1 R8e6 22. Rd2 Ng4 23. Ne2 Rxe2 24. Rxd5+ Kc6 25. Rxh5 Nxf2
26. Rf1 Rxc2 27. Rf5 Nd3 28. g4 Rxb2 29. Kg3 Re3+ 30. R1f3 Rxf3+ 31. Rxf3 Ne5
32. Ra3 Kb6 33. Kf4 Nc6 34. h5 f6 35. Kf5 Rg2 36. Rh3 Ne5 37. Rb3+ Kc6 38. Ra3
Nxg4 39. Rxa7 Nh6+ 40. Ke4 Rg4+ 41. Kd3 Nf5 42. a4 Rh4 0-1

[Event "33. Senioren LEM Sachsen-Anhalt 65+"]
[Site "Maritim-Hotel Magdeburg"]
[Date "2025.07.11"]
[Round "5.30"]
[White "Fleischer, Martin"]
[Black "Gutt, Oswald"]
[Result "1/2-1/2"]
[WhiteElo "1782"]
[BlackElo "1909"]
[PlyCount "60"]
[EventDate "2025.07.07"]
[WhiteTeam "SV Einheit Schwerin"]
[BlackTeam "Bergische SF Bergisch Gladbach"]

1. e4 c5 2. Nf3 e6 3. c3 d5 4. exd5 Qxd5 5. d4 Nc6 6. Be3 cxd4 7. cxd4 Bb4+ 8.
Nc3 Qa5 9. Qc1 Nf6 10. a3 Bxc3+ 11. Qxc3 Qd8 12. Ne5 Bd7 13. Nxd7 Qxd7 14. Bb5
Rc8 15. O-O O-O 16. Bxc6 Rxc6 17. Qd3 Rfc8 18. Rfc1 h6 19. Rxc6 Rxc6 20. h3 Qd5
21. Qd1 Qe4 22. Rc1 Qd5 23. b4 a6 24. Rc5 Rxc5 25. bxc5 Nd7 26. Qa4 Kh7 27.
Qc2+ g6 28. Qd2 h5 29. Qc3 Nf6 30. Qb2 Ne4 1/2-1/2

[Event "33. Senioren LEM Sachsen-Anhalt 65+"]
[Site "Maritim-Hotel Magdeburg"]
[Date "2025.07.11"]
[Round "5.31"]
[White "Rudolph, Karl-Heinz"]
[Black "Domroese, Michael"]
[Result "1/2-1/2"]
[WhiteElo "1779"]
[BlackElo "1904"]
[PlyCount "55"]
[EventDate "2025.07.07"]
[WhiteTeam "SV Irxleben 1919"]
[BlackTeam "SC Norbertus Magdeburg"]

1. e4 e6 2. d4 d5 3. Nc3 dxe4 4. Nxe4 Nd7 5. Bg5 Ngf6 6. Nf3 Be7 7. Nxf6+ Nxf6
8. Bd3 h6 9. Be3 O-O 10. O-O b6 11. c4 Bb7 12. Qe2 Ne4 13. Bxh6 Ng5 14. Bxg5
Bxf3 15. Qxf3 Bxg5 16. Rad1 Bf6 17. Qe4 g6 18. Bc2 Kg7 19. b3 Rh8 20. g3 Rh5
21. Rd3 Qh8 22. h4 Rd8 23. Bd1 Rh6 24. d5 exd5 25. Rxd5 Re8 26. Qf4 Re7 27. Bf3
Qe8 28. Qd2 1/2-1/2

[Event "33. Senioren LEM Sachsen-Anhalt 65+"]
[Site "Maritim-Hotel Magdeburg"]
[Date "2025.07.11"]
[Round "5.32"]
[White "Matthews, Gabriel"]
[Black "Hurek, Werner"]
[Result "0-1"]
[WhiteElo "1877"]
[BlackElo "1738"]
[PlyCount "80"]
[EventDate "2025.07.07"]
[BlackTeam "SC 1924 Lampertheim"]

1. d4 d6 2. Nf3 Bg4 3. e4 g6 4. c3 Bg7 5. Nbd2 Nf6 6. Bd3 Nc6 7. h3 Bd7 8. b4
a6 9. Bb2 O-O 10. a4 Nh5 11. Bf1 Na7 12. g3 Nf6 13. Bg2 Bc6 14. Qe2 e6 15. c4
d5 16. Ne5 Nxe4 17. Nxe4 dxe4 18. Bxe4 Bxe5 19. dxe5 Qg5 20. h4 Qh6 21. h5 Bxe4
22. Qxe4 Rad8 23. f4 gxh5 24. Qxb7 Rb8 25. Qxa7 Qg6 26. Qe3 Rfd8 27. O-O Rd3
28. Qf2 Rxg3+ 29. Kh2 h4 30. Rg1 Rxb4 31. Rxg3 hxg3+ 32. Qxg3 Rxb2+ 33. Kh3
Qxg3+ 34. Kxg3 Rc2 35. Kg4 Rxc4 36. Kg5 Kg7 37. a5 Rc5 38. Ra4 f6+ 39. Kg4 fxe5
40. fxe5 Rxe5 0-1